UM Logo

Intermediate accounting 2 / (Record no. 22759)

MARC details
000 -LEADER
fixed length control field 00568nam a22001817a 4500
005 - DATE AND TIME OF LATEST TRANSACTION
control field 20241107151120.0
008 - FIXED-LENGTH DATA ELEMENTS--GENERAL INFORMATION
fixed length control field 241022b |||||||| |||| 00| 0 eng d
020 ## - INTERNATIONAL STANDARD BOOK NUMBER
International Standard Book Number 9786218029170
082 ## - DEWEY DECIMAL CLASSIFICATION NUMBER
Classification number DFil 657.044 M611 2024
100 ## - MAIN ENTRY--PERSONAL NAME
Personal name Millan, Zeus Vernon B.
9 (RLIN) 46891
245 ## - TITLE STATEMENT
Title Intermediate accounting 2 /
Statement of responsibility, etc. Zeus Vernon B. Millan.
250 ## - EDITION STATEMENT
Edition statement 2024 edition.
260 ## - PUBLICATION, DISTRIBUTION, ETC. (IMPRINT)
Place of publication, distribution, etc. Baguio City :
Name of publisher, distributor, etc. Bandolin Enterprise,
Date of publication, distribution, etc. ©2024.
300 ## - PHYSICAL DESCRIPTION
Extent xvi, 722 pages :
Other physical details illustrations ;
Dimensions 21 cm.
500 ## - GENERAL NOTE
General note Includes references.
650 #0 - SUBJECT ADDED ENTRY--TOPICAL TERM
Topical term or geographic name as entry element Accounting.
9 (RLIN) 63766
942 ## - ADDED ENTRY ELEMENTS (KOHA)
Source of classification or shelving scheme Dewey Decimal Classification
Koha item type Filipiniana
Holdings
Withdrawn status Lost status Source of classification or shelving scheme Damaged status Not for loan Collection code Home library Current library Shelving location Date acquired Source of acquisition Cost, normal purchase price Total Checkouts Full call number Barcode Date last seen Date last checked out Price effective from Koha item type
    Dewey Decimal Classification     Filipiniana UM Digos College - LIC UM Digos College - LIC Book Cart 08/20/2024 Purchased 1102.00 22 DFil 657.044 M611 2024 28538 03/02/2026 02/26/2026 10/22/2024 Filipiniana